Представление документа в формате MARC21

Поле Инд. ПП Название Значение
Тип записи a
Библиографический уровень m
001 Контрольный номер 5a81e611-665e-469c-8986-99cc9993ef27
005 Дата корректировки 20140703123025.2
008 Кодируемые данные 031121
020 a ISBN 5-7654-2451-1
c Цена, тираж 68.00
020 a ISBN 5-224-03954-1
020 a ISBN 5-224-03561-9
020 a ISBN 5-7654-1769-8
040 a Служба первич. каталог. НБ ТвГУ
041 a Код языка текста rus
080 a Индекс УДК 9(47+57)"1941/1954"
a Индекс УДК 947.0.23-25
084 a Индекс другой классификации/Индекс ББК Т3(2)622,11
090 x Авторский знак Л74
a Полочн. индекс Т3(2)622
100 1_ a Автор Ломагин Никита Андреевич
245 00 a Заглавие Неизвестная блокада
n Номер части/ раздела Кн. 1
c Ответственность Никита Андреевич Ломагин
260 0_ a Место издания СПб.
b Издательство Нева
c Дата издания 2002
260 0_ a Место издания Москва
b Издательство ОЛМА-Пресс
300 a Объем 446,[1] с.
b Иллюстрации/ тип воспроизводства [8] л. ил., портр.
440 a Серия Архив
504 a Библиография Библиогр. в примеч. в конце глав.
583 a Действие Получение впервые 288 20.11.2003
k Исполнитель действия Акт передачи
650 a Основная рубрика Великая Отечественная война
y Хронологическая подрубрика 1941-1945 гг.
z Географическая подрубрика СССР
650 a Основная рубрика Ленинград, город
x Основная подрубрика Оборона
y Хронологическая подрубрика 1941-1944 гг.
x Основная подрубрика Блокада
650 a Основная рубрика Россия
x Основная подрубрика История
y Хронологическая подрубрика 20 в.
653 a Ключевые слова История России
a Ключевые слова Ленинградская блокада
a Ключевые слова Великая Отечественная война
a Ключевые слова Оборона Ленинграда
a Ключевые слова Ленинградская область
a Ключевые слова История СССР
852 t Порядковый номер экземпляра 1
p Инвентарный номер 771764
888 a За счет средств "ИнноЦентра"
952 p 288.2003 68.00 1 771764
c Вид литературы К рн
954 a Дата поступления на обработку 20031126
999 a Подразделение 2 ч.з.